[Event "Niteroi Carvalho Memorial"]
[Site "Niteroi"]
[Date "2023.11.05"]
[Round "5"]
[White "Vicentini, Luis Felipe Baron"]
[Black "Dos Santos, Gilvan Nobrega"]
[Result "1/2-1/2"]
[WhiteElo "1475"]
[BlackElo "1870"]
[PlyCount "122"]
[EventDate "2023.11.02"]
[EventType "swiss"]
[EventRounds "6"]
[EventCountry "BRA"]
[SourceTitle "CB49_2023"]
[SourceDate "2023.12.06"]
[SourceVersion "1"]
[SourceVersionDate "2023.12.06"]
[SourceQuality "1"]

1. d4 Nf6 2. c4 e5 3. dxe5 Ng4 4. Nf3 Bc5 5. e3 Nc6 6. Be2 Ngxe5 7. 0-0 0-0 8. Bd2 a5 9. a3 d6 10. Bc3 Nxf3+ 11. Bxf3 Qh4 12. Nd2 Ne5 13. Be2 Be6 14. Rc1 Qh6 15. Bd4 Rfd8 16. Qc2 Bxd4 17. exd4 Ng6 18. Rfe1 Nf4 19. Bf1 Qg5 20. Nf3 Qg4 21. Qd2 h5 22. Kh1 h4 23. Re4 g5 24. Nxg5 Qxg5 25. Qxf4 Qxf4 26. Rxf4 Re8 27. Rxh4 Bf5 28. g3 Re7 29. Rf4 Bg6 30. h4 Rae8 31. Kh2 Re1 32. Rxe1 Rxe1 33. Bg2 b6 34. b4 axb4 35. axb4 Rb1 36. b5 Kg7 37. Bd5 f6 38. Kg2 Rc1 39. Rf3 Bf7 40. Rb3 Bxd5+ 41. cxd5 Rc4 42. Rd3 Kg6 43. Kf3 Rb4 44. Rc3 Rxd4 45. Rxc7 Rxd5 46. Rc6 Rxb5 47. Rxd6 Rb1 48. g4 Kf7 49. h5 b5 50. Ke3 b4 51. Rb6 b3 52. Kd3 Rf1 53. Rxb3 Rxf2 54. Rb7+ Kg8 55. Ke4 Rf1 56. Kd5 Rf4 57. Ke6 Rxg4 58. Kxf6 Rf4+ 59. Kg5 Rf8 60. Kg6 Rc8 61. Rg7+ Kh8 1/2-1/2

[Event "Niteroi Carvalho Memorial"]
[Site "Niteroi"]
[Date "2023.11.04"]
[Round "3"]
[White "Fernandes, Felipe Gambini"]
[Black "Dos Santos, Gilvan Nobrega"]
[Result "1/2-1/2"]
[WhiteElo "1813"]
[BlackElo "1870"]
[PlyCount "104"]
[EventDate "2023.11.02"]
[EventType "swiss"]
[EventRounds "6"]
[EventCountry "BRA"]
[SourceTitle "CB49_2023"]
[SourceDate "2023.12.06"]
[SourceVersion "1"]
[SourceVersionDate "2023.12.06"]
[SourceQuality "1"]

1. e4 c5 2. Nf3 e6 3. d3 Nc6 4. g3 Nf6 5. Bg2 d5 6. e5 Nd7 7. Qe2 Be7 8. 0-0 b5 9. Nbd2 a6 10. Re1 Nb6 11. Nf1 Bb7 12. h4 Nd4 13. Nxd4 cxd4 14. Qg4 Rg8 15. Qxd4 Rc8 16. c3 h5 17. Bg5 Bxg5 18. hxg5 Na4 19. g6 fxg6 20. Bh3 Qe7 21. Re2 g5 22. Rc1 Qf7 23. c4 dxc4 24. Qd6 g4 25. Bg2 Bxg2 26. Kxg2 Qb7+ 27. Kg1 Qc6 28. b3 Qxd6 29. exd6 Nb6 30. dxc4 bxc4 31. Rxe6+ Kd7 32. Rg6 cxb3 33. Rxc8 Nxc8 34. axb3 Nxd6 35. Ne3 Rb8 36. Rxg7+ Kc6 37. Rg5 Rb5 38. Rxb5 Kxb5 39. Nc2 Nf5 40. Kf1 Kc5 41. Ke2 Nd4+ 42. Nxd4 Kxd4 43. Kd2 Kc5 44. Kc3 Kb5 45. b4 Ka4 46. Kc4 Ka3 47. Kc3 Ka2 48. Kc2 Ka1 49. Kc1 Ka2 50. Kc2 Ka3 51. Kc3 Ka4 52. Kc4 Ka3 1/2-1/2

[Event "Niteroi Carvalho Memorial"]
[Site "Niteroi"]
[Date "2023.11.02"]
[Round "2"]
[White "Itagyba, Renan Fortes"]
[Black "Dos Santos, Gilvan Nobrega"]
[Result "1-0"]
[WhiteElo "1726"]
[BlackElo "1870"]
[PlyCount "67"]
[EventDate "2023.11.02"]
[EventType "swiss"]
[EventRounds "6"]
[EventCountry "BRA"]
[SourceTitle "CB49_2023"]
[SourceDate "2023.12.06"]
[SourceVersion "1"]
[SourceVersionDate "2023.12.06"]
[SourceQuality "1"]

1. e4 e5 2. Nf3 Qe7 3. Nc3 c6 4. d4 d6 5. Be2 Qc7 6. 0-0 Nf6 7. h3 Be7 8. Bg5 Nbd7 9. Qd2 Nf8 10. a4 Ng6 11. Bc4 Nh5 12. Bb3 h6 13. Be3 Ngf4 14. Ne2 g5 15. dxe5 dxe5 16. Ng3 Bf6 17. Nxh5 Nxh5 18. Rad1 g4 19. Nh2 gxh3 20. g3 Bg7 21. Bc5 a5 22. Bd6 Qb6 23. Qc3 Be6 24. Bxe5 0-0 25. Bxe6 fxe6 26. Rd7 Rf7 27. Rxf7 Kxf7 28. Ng4 Rd8 29. Bxg7 Nxg7 30. Qf6+ Kg8 31. Qg6 Qxb2 32. Nxh6+ Kh8 33. Nf7+ Kg8 34. Nxd8 1-0

[Event "Niteroi op 3rd"]
[Site "Niteroi"]
[Date "2023.09.09"]
[Round "8"]
[White "Dos Santos, Gilvan Nobrega"]
[Black "Garcia, Julio Cesar de Paiv"]
[Result "1-0"]
[WhiteElo "1865"]
[BlackElo "2034"]
[PlyCount "159"]
[EventDate "2023.09.04"]
[EventType "swiss"]
[EventRounds "9"]
[EventCountry "BRA"]
[SourceTitle "EXT 2024"]
[Source "ChessBase"]
[SourceDate "2023.10.10"]
[SourceVersion "1"]
[SourceVersionDate "2023.10.10"]
[SourceQuality "1"]

1. e4 d6 2. Nf3 Nf6 3. d3 e5 4. g3 Be7 5. Bg2 0-0 6. 0-0 c6 7. h3 Nbd7 8. c3 Qc7 9. Nbd2 b5 10. Re1 Bb7 11. Nf1 Rfe8 12. g4 Nc5 13. Ng3 Bf8 14. Be3 Rad8 15. Bg5 Ncd7 16. Nf5 g6 17. Ng3 Bg7 18. Be3 Nc5 19. Qc2 a5 20. Rad1 Ne6 21. Qc1 Rc8 22. Ng5 c5 23. Nxe6 fxe6 24. c4 b4 25. Qc2 Rf8 26. g5 Nd7 27. h4 Nb6 28. Bh3 Qe7 29. Qe2 Rce8 30. Kg2 Nd7 31. Qg4 Nb8 32. Qe2 Nc6 33. Qd2 Nd4 34. Bxd4 cxd4 35. h5 Rf4 36. hxg6 hxg6 37. a3 Ref8 38. Rf1 d5 39. f3 dxc4 40. axb4 axb4 41. dxc4 Bc8 42. Ra1 Qxg5 43. Qxb4 Qf6 44. Bg4 Qg5 45. Ra8 Bd7 46. Ra7 R4f7 47. c5 Kh7 48. Ra6 Qe7 49. Rh1+ Kg8 50. Qc4 Rc8 51. b4 Rf6 52. Rc1 Qe8 53. c6 Qd8 54. b5 Rc7 55. Qb3 Bc8 56. Ra8 Qd6 57. Qc4 d3 58. Nf1 Bh6 59. Rd1 d2 60. Ra2 Bd7 61. Rc2 Rf8 62. Qb3 Bxc6 63. bxc6 Rxc6 64. Rxc6 Qxc6 65. Qxe6+ Qxe6 66. Bxe6+ Kg7 67. Nxd2 Kf6 68. Bd5 Bf4 69. Nc4 Rh8 70. Rh1 Rb8 71. Rh7 Rb1 72. Rf7+ Kg5 73. Rg7 Kf6 74. Rg8 Rc1 75. Rf8+ Kg5 76. Re8 Rc2+ 77. Kf1 Bg3 78. Nxe5 Kf4 79. Nc4 Rf2+ 80. Kg1 1-0

[Event "Niteroi op 3rd"]
[Site "Niteroi"]
[Date "2023.09.05"]
[Round "2"]
[White "Dos Santos, Gilvan Nobrega"]
[Black "Rangel, Daniel"]
[Result "0-1"]
[WhiteElo "1865"]
[BlackElo "2204"]
[PlyCount "75"]
[EventDate "2023.09.04"]
[EventType "swiss"]
[EventRounds "9"]
[EventCountry "BRA"]
[SourceTitle "EXT 2024"]
[Source "ChessBase"]
[SourceDate "2023.10.10"]
[SourceVersion "1"]
[SourceVersionDate "2023.10.10"]
[SourceQuality "1"]

1. e4 c5 2. Nf3 g6 3. c3 Bg7 4. d4 cxd4 5. cxd4 d5 6. e5 Bg4 7. Nc3 Nc6 8. Be3 Nh6 9. Qb3 0-0 10. Be2 Nf5 11. Rd1 Nxe3 12. fxe3 e6 13. 0-0 Na5 14. Qb4 Rc8 15. h3 Bxf3 16. Rxf3 b6 17. Rdf1 Nc4 18. Bxc4 Rxc4 19. Qa3 Qd7 20. Qb3 Qe7 21. a3 f6 22. Qb5 Rcc8 23. exf6 Rxf6 24. Rxf6 Bxf6 25. Qd3 Rd8 26. Qb5 Kg7 27. Rf3 h5 28. Ne2 Bg5 29. Nf4 Bxf4 30. exf4 Qf6 31. Qa4 a5 32. Kh2 Rf8 33. Qc6 Qxd4 34. Qxe6 Rxf4 35. Rg3 Qe4 36. Qxb6 a4 37. Qb7+ Rf7 38. Qc6 0-1

[Event "Niteroi op 2nd"]
[Site "Niteroi"]
[Date "2022.09.06"]
[Round "8"]
[White "Dos Santos, Gilvan Nobrega"]
[Black "Dias, Simao Poscidonio"]
[Result "0-1"]
[WhiteElo "1914"]
[BlackElo "2060"]
[PlyCount "84"]
[EventDate "2022.09.01"]
[EventType "swiss"]
[EventRounds "9"]
[EventCountry "BRA"]
[SourceTitle "EXT 2024"]
[Source "ChessBase"]
[SourceDate "2023.10.10"]
[SourceVersion "1"]
[SourceVersionDate "2023.10.10"]
[SourceQuality "1"]

1. d4 d5 2. c4 e6 3. Nc3 Be7 4. cxd5 exd5 5. Bf4 c6 6. e3 Nf6 7. Bd3 0-0 8. h3 Re8 9. Nf3 Nbd7 10. 0-0 Nf8 11. Ne5 Ne6 12. Bg3 g6 13. Bh4 Ng7 14. Rc1 Nf5 15. Bg5 Nd6 16. Qf3 Be6 17. Qe2 Bf5 18. Bxf5 Nxf5 19. Bxf6 Bxf6 20. f4 Ng3 21. Qg4 Nxf1 22. Rxf1 Bg7 23. Nd1 f6 24. Nd3 f5 25. Qf3 Qe7 26. Ne5 Red8 27. Nf2 c5 28. Nfd3 c4 29. Ne1 Qb4 30. g4 Rf8 31. Ng2 Qxb2 32. gxf5 Bxe5 33. dxe5 gxf5 34. Nh4 Kh8 35. Qh5 Rg8+ 36. Kh1 Rg3 37. Qxf5 Qb6 38. Rb1 Qh6 39. Rxb7 Qxh4 40. Kh2 Rag8 41. Rb2 Rxe3 42. Rg2 Rxg2+ 0-1

[Event "Rio de Janeiro Estadual Cup"]
[Site "Rio de Janeiro"]
[Date "2022.07.24"]
[Round "4"]
[White "Dos Santos, Gilvan Nobrega"]
[Black "Petrenko, Willy"]
[Result "1-0"]
[WhiteElo "1926"]
[BlackElo "1877"]
[PlyCount "128"]
[EventDate "2022.07.23"]
[EventType "swiss"]
[EventRounds "6"]
[EventCountry "BRA"]
[SourceTitle "EXT 2023"]
[Source "ChessBase"]
[SourceDate "2022.10.05"]
[SourceVersion "1"]
[SourceVersionDate "2022.10.05"]
[SourceQuality "1"]

1. e4 e5 2. Nf3 Nc6 3. Bb5 Nge7 4. 0-0 a6 5. Ba4 b5 6. Bb3 Ng6 7. c3 Be7 8. d3 0-0 9. Re1 Na5 10. Bc2 c5 11. Nbd2 Nc6 12. Nf1 d5 13. Qe2 d4 14. cxd4 Nxd4 15. Nxd4 cxd4 16. Bb3 Bg5 17. Bd2 Bxd2 18. Qxd2 Nf4 19. g3 Nh3+ 20. Kg2 Qf6 21. Qe2 Ng5 22. Nd2 Bh3+ 23. Kg1 Rac8 24. Rec1 g6 25. Bd1 h5 26. f3 Ne6 27. Qf2 Nc5 28. Be2 Rc6 29. b4 Nd7 30. Bd1 Rfc8 31. Nb3 Be6 32. Rxc6 Rxc6 33. f4 Bxb3 34. Bxb3 Qe7 35. Rf1 Rf6 36. a3 g5 37. f5 Rd6 38. Rc1 Nf6 39. h3 a5 40. Qd2 axb4 41. Qxg5+ Kf8 42. axb4 Rd8 43. Qh6+ Ke8 44. Qg7 Kd7 45. Ra1 Kc8 46. Qxf7 Qxf7 47. Bxf7 Kb7 48. Rc1 Rc8 49. Rxc8 Kxc8 50. Kf2 Kc7 51. Kf3 Nd7 52. Bxh5 Nb8 53. Be8 Na6 54. Bxb5 Nxb4 55. g4 Kd6 56. g5 Ke7 57. h4 Kf7 58. h5 Kg7 59. Kg4 Nc2 60. f6+ Kh7 61. g6+ Kh6 62. Kf5 Ne3+ 63. Kxe5 Ng4+ 64. Ke6 Nxf6 1-0

[Event "Rio de Janeiro Estadual Cup"]
[Site "Rio de Janeiro"]
[Date "2022.07.23"]
[Round "2"]
[White "Damasceno, Enzo De Carvalho"]
[Black "Dos Santos, Gilvan Nobrega"]
[Result "1-0"]
[WhiteElo "1914"]
[BlackElo "1926"]
[PlyCount "115"]
[EventDate "2022.07.23"]
[EventType "swiss"]
[EventRounds "6"]
[EventCountry "BRA"]
[SourceTitle "EXT 2023"]
[Source "ChessBase"]
[SourceDate "2022.10.05"]
[SourceVersion "1"]
[SourceVersionDate "2022.10.05"]
[SourceQuality "1"]

1. c4 Nf6 2. Nc3 d5 3. cxd5 Nxd5 4. Nf3 Nxc3 5. bxc3 c5 6. d3 Nc6 7. g3 e5 8. Bg2 Be7 9. 0-0 0-0 10. Rb1 Rb8 11. Nd2 Be6 12. Qc2 Qd7 13. Ne4 Bh3 14. Bxh3 Qxh3 15. f4 Qd7 16. f5 f6 17. Be3 b6 18. g4 Qd5 19. Qb3 c4 20. Qxc4 Qxc4 21. dxc4 Na5 22. c5 Nc4 23. Bf2 bxc5 24. Bxc5 Bxc5+ 25. Nxc5 Rbc8 26. Ne6 Rf7 27. Rfd1 Ne3 28. Rd3 Nxg4 29. Rbd1 Rb7 30. h3 Nh6 31. e4 Nf7 32. Rd7 Rxd7 33. Rxd7 Rxc3 34. Rxa7 Ng5 35. Rxg7+ Kh8 36. Rc7 Rxc7 37. Nxc7 Nxe4 38. a4 Nd6 39. a5 Kg7 40. a6 Nc8 41. Kf2 Na7 42. Kf3 Kh6 43. Ke4 Kg5 44. Nd5 h5 45. h4+ Kxh4 46. Nxf6 Kg5 47. Kxe5 h4 48. Ne4+ Kh6 49. Kf4 Kh5 50. Ng5 Nc6 51. f6 Kg6 52. f7 Kg7 53. Kg4 Ne5+ 54. Kxh4 Nd7 55. a7 Nb6 56. Kg4 Kf8 57. Kf5 Na8 58. Kg6 1-0

[Event "Botafogo Fexerj op"]
[Site "Botafogo"]
[Date "2015.01.25"]
[Round "5"]
[White "Dos Santos, Gilvan Nobrega"]
[Black "Da Silva, Jefferson Rian Ferr"]
[Result "1-0"]
[WhiteElo "1862"]
[BlackElo "2000"]
[PlyCount "95"]
[EventDate "2015.01.23"]
[EventType "swiss"]
[EventRounds "6"]
[EventCountry "BRA"]
[SourceTitle "CBM 164 Extra"]
[Source "ChessBase"]
[SourceDate "2015.03.02"]
[SourceVersion "1"]
[SourceVersionDate "2015.03.02"]
[SourceQuality "1"]

1. e4 e5 2. Nf3 Nc6 3. Bb5 a6 4. Ba4 Nf6 5. d3 b5 6. Bb3 Bc5 7. 0-0 d6 8. c3 Bg4 9. h3 Bh5 10. Qe2 h6 11. Be3 Ba7 12. Nbd2 Na5 13. Bxa7 Rxa7 14. d4 Qe7 15. Qe3 c5 16. Nh4 Bg6 17. Nxg6 fxg6 18. dxe5 dxe5 19. Bd5 Rd7 20. Bb3 c4 21. Bc2 0-0 22. Nf3 Nb7 23. Rad1 Rfd8 24. Rxd7 Rxd7 25. Qb6 Nc5 26. Qb8+ Rd8 27. Qxe5 Qxe5 28. Nxe5 Rd2 29. Rc1 Nfxe4 30. Nf3 Rd6 31. Re1 Nf6 32. Bxg6 Nfd7 33. Bc2 Kf8 34. Kf1 Nb6 35. Nd4 Nba4 36. Bxa4 Nxa4 37. Re2 Kf7 38. Ke1 b4 39. Rc2 bxc3 40. bxc3 Nxc3 41. Rxc3 Rxd4 42. Ra3 Rd6 43. Ra4 Rc6 44. Kd2 Ke6 45. Kc3 Kd5 46. f3 g5 47. g3 Rf6 48. Ra5+ 1-0

[Event "Botafogo Fexerj op"]
[Site "Botafogo"]
[Date "2015.01.24"]
[Round "4"]
[White "De Lima, Juarez Antonio"]
[Black "Dos Santos, Gilvan Nobrega"]
[Result "0-1"]
[WhiteElo "1832"]
[BlackElo "1862"]
[PlyCount "54"]
[EventDate "2015.01.23"]
[EventType "swiss"]
[EventRounds "6"]
[EventCountry "BRA"]
[SourceTitle "CBM 164 Extra"]
[Source "ChessBase"]
[SourceDate "2015.03.02"]
[SourceVersion "1"]
[SourceVersionDate "2015.03.02"]
[SourceQuality "1"]

1. e4 c5 2. Nc3 e6 3. Bc4 a6 4. a4 b6 5. Nf3 Bb7 6. e5 d6 7. exd6 Bxd6 8. d4 cxd4 9. Nxd4 Nc6 10. 0-0 Nxd4 11. Qg4 Nf5 12. Be3 Nf6 13. Qh3 Nxe3 14. fxe3 Qc7 15. Bb3 Be7 16. Kh1 0-0 17. Rad1 Qe5 18. Ne2 Qh5 19. Qg3 Ne4 20. Qc7 Bd6 21. Nf4 Ng3+ 22. Kg1 Qxh2+ 23. Kxh2 Nxf1+ 24. Rxf1 Bxc7 25. Kh1 Bxf4 26. Rxf4 Bd5 27. c4 Bc6 0-1

[Event "Botafogo Fexerj op"]
[Site "Botafogo"]
[Date "2015.01.24"]
[Round "3"]
[White "Dos Santos, Gilvan Nobrega"]
[Black "Peixoto, Helio Ricardo Souti"]
[Result "0-1"]
[WhiteElo "1862"]
[BlackElo "1948"]
[PlyCount "104"]
[EventDate "2015.01.23"]
[EventType "swiss"]
[EventRounds "6"]
[EventCountry "BRA"]
[SourceTitle "CBM 164 Extra"]
[Source "ChessBase"]
[SourceDate "2015.03.02"]
[SourceVersion "1"]
[SourceVersionDate "2015.03.02"]
[SourceQuality "1"]

1. e4 c5 2. Nf3 d6 3. d4 cxd4 4. Nxd4 Nf6 5. Nc3 a6 6. a3 b5 7. Bg5 e6 8. Bd3 Be7 9. Qd2 Bb7 10. 0-0 Nbd7 11. h3 0-0 12. Nde2 Rc8 13. Rad1 Ne5 14. Ng3 Qc7 15. Kh1 Rfd8 16. f4 Nc4 17. Bxc4 Qxc4 18. Qd4 h6 19. Bh4 Qxd4 20. Rxd4 Nh5 21. Nxh5 Bxh4 22. Kh2 g6 23. Ng3 Bf6 24. Rd3 Rc4 25. e5 dxe5 26. Rxd8+ Bxd8 27. fxe5 Bc7 28. Nge2 Bxe5+ 29. Kg1 a5 30. Rc1 b4 31. axb4 axb4 32. Nd1 Re4 33. Kf2 Bb8 34. c3 Ba7+ 35. Ke1 Ba6 36. Rc2 b3 37. Rd2 e5 38. Nf2 Rxe2+ 39. Rxe2 Bxe2 40. Kxe2 Bxf2 41. Kxf2 f5 42. Ke3 Kf7 43. Kd3 Ke6 44. Kc4 f4 45. Kd3 Kd5 46. Ke2 g5 47. Kf3 h5 48. Ke2 Ke4 49. Ke1 Kd3 50. Kf2 g4 51. hxg4 hxg4 52. Kf1 e4 0-1

[Event "Botafogo Fexerj op"]
[Site "Botafogo"]
[Date "2015.01.23"]
[Round "1"]
[White "Dos Santos, Gilvan Nobrega"]
[Black "Ramos, Angelo Bil"]
[Result "1/2-1/2"]
[WhiteElo "1862"]
[BlackElo "2032"]
[PlyCount "103"]
[EventDate "2015.01.23"]
[EventType "swiss"]
[EventRounds "6"]
[EventCountry "BRA"]
[SourceTitle "CBM 164 Extra"]
[Source "ChessBase"]
[SourceDate "2015.03.02"]
[SourceVersion "1"]
[SourceVersionDate "2015.03.02"]
[SourceQuality "1"]

1. e4 e5 2. Nf3 Nc6 3. Bb5 a6 4. Ba4 Nf6 5. 0-0 b5 6. Bb3 Bb7 7. d3 Be7 8. c3 0-0 9. Nbd2 d5 10. Qe2 d4 11. Rd1 a5 12. Nf1 a4 13. Bc2 Re8 14. Ng3 Bc8 15. Bd2 Bf8 16. cxd4 exd4 17. Rac1 b4 18. Bxa4 Rxa4 19. Rxc6 Bd7 20. Rcc1 Rxa2 21. Nxd4 c5 22. Ndf5 Rxb2 23. Qf3 Ba4 24. Bg5 Bxd1 25. Rxd1 Qb6 26. Nh6+ Kh8 27. Nxf7+ Kg8 28. Nh6+ gxh6 29. Bxf6 Bg7 30. Nh5 Rf8 31. Qg4 Qxf6 32. Nxf6+ Rxf6 33. Qc8+ Bf8 34. f4 Rc2 35. f5 b3 36. Qb8 c4 37. dxc4 b2 38. Qb3 Bc5+ 39. Kf1 Rc1 40. Qxb2 Rxd1+ 41. Ke2 Rd4 42. Qb8+ Bf8 43. Qb7 Rf7 44. Qc6 Re7 45. Kf3 Rd3+ 46. Ke2 Red7 47. Qe6+ Kg7 48. e5 Rd2+ 49. Kf3 R2d3+ 50. Ke2 Rd2+ 51. Kf3 R2d3+ 52. Ke2 1/2-1/2

[Event "Botafogo Fexerj op"]
[Site "Botafogo"]
[Date "2015.01.23"]
[Round "2"]
[White "Lisboa Torres, Eduardo"]
[Black "Dos Santos, Gilvan Nobrega"]
[Result "1/2-1/2"]
[WhiteElo "1917"]
[BlackElo "1862"]
[PlyCount "189"]
[EventDate "2015.01.23"]
[EventType "swiss"]
[EventRounds "6"]
[EventCountry "BRA"]
[SourceTitle "CBM 164 Extra"]
[Source "ChessBase"]
[SourceDate "2015.03.02"]
[SourceVersion "1"]
[SourceVersionDate "2015.03.02"]
[SourceQuality "1"]

1. d4 Nf6 2. c4 c5 3. d5 b5 4. Nf3 bxc4 5. Nc3 d6 6. e4 g6 7. Bxc4 Bg7 8. Qa4+ Bd7 9. Qb3 Qc7 10. e5 Ng4 11. e6 fxe6 12. dxe6 Bc6 13. Nd5 Bxd5 14. Bxd5 Nc6 15. Qa4 Rc8 16. Bxc6+ Qxc6 17. Qxg4 Qa6 18. Ng5 Rb8 19. Qe2 Qxe2+ 20. Kxe2 0-0 21. Rb1 Rf6 22. Re1 h6 23. Nh3 Rxe6+ 24. Kf1 Rxe1+ 25. Kxe1 e5 26. f3 d5 27. Nf2 c4 28. Kd1 a5 29. Kc2 d4 30. Ne4 a4 31. Nd6 c3 32. bxc3 d3+ 33. Kxd3 Rxb1 34. Kc2 Rb8 35. Ne4 Bf8 36. c4 Kf7 37. Nc3 Ra8 38. Nb5 h5 39. Bb2 Rc8 40. Kd3 Ke6 41. Nc3 Rd8+ 42. Nd5 Bd6 43. Kc2 a3 44. Bc1 Rb8 45. Nc3 Be7 46. Nb5 Kd7 47. Nxa3 Bxa3 48. Bxa3 Kc6 49. Bb2 Kc5 50. Bxe5 Re8 51. f4 Kxc4 52. a3 g5 53. g3 gxf4 54. gxf4 Rg8 55. h4 Rg2+ 56. Kd1 Rg4 57. f5 Kd5 58. Bf6 Rf4 59. Be7 Rxf5 60. Kc2 Kc4 61. Kd2 Rd5+ 62. Kc2 Re5 63. Bg5 Re2+ 64. Kd1 Rg2 65. Ke1 Kb3 66. Kf1 Rg4 67. Kf2 Kxa3 68. Kf3 Kb3 69. Bd8 Kc4 70. Be7 Kd5 71. Bd8 Ke5 72. Bc7+ Kf5 73. Bd8 Rd4 74. Be7 Rd3+ 75. Kf2 Ke4 76. Bg5 Rb3 77. Kg2 Kf5 78. Kf2 Kg4 79. Bd8 Rb2+ 80. Ke3 Kg3 81. Bg5 Rb7 82. Bd8 Rf7 83. Bg5 Ra7 84. Bd8 Ra6 85. Bg5 Re6+ 86. Kd3 Kf3 87. Kd4 Re4+ 88. Kd3 Ra4 89. Bf6 Kg3 90. Ke3 Rg4 91. Bd8 Ra4 92. Bg5 Ra3+ 93. Ke4 Ra5 94. Bd8 Rb5 95. Bf6 1/2-1/2